书目信息 |
| 题名: |
人工关节快优康复画册
|
|
| 作者: | 翁习生 主编 | |
| 分册: | ||
| 出版信息: | 北京 中国协和医科大学出版社 2018 |
|
| 页数: | 148页 | |
| 开本: | 21cm | |
| 丛书名: | ||
| 单 册: | ||
| 中图分类: | R687.409 | |
| 科图分类: | ||
| 主题词: | 人工关节--关节疾病--外科手术--康复--基本知识 | |
| 电子资源: | ||
| ISBN: | 978-7-5679-1118-5 | |
| 000 | 00769nam0 2200229 450 | |
| 001 | 0104672812 | |
| 005 | 20190708093719.0 | |
| 010 | @a978-7-5679-1118-5@dCNY65.00 | |
| 100 | @a20181228d2018 em y0chiy0120 ea | |
| 101 | 0 | @achi |
| 102 | @aCN@b110000 | |
| 105 | @aa z 000yy | |
| 106 | @ar | |
| 200 | 1 | @a人工关节快优康复画册@9Ren Gong Guan Jie Kuai You Kang Fu Hua Ce @f翁习生主编@b专著 |
| 210 | @a北京@c中国协和医科大学出版社@d2018 | |
| 215 | @a148页@d21cm | |
| 330 | @a本书以漫画的形式介绍了髋膝关节疾病知识、手术原理、手术注意事项、住院流程和康复训练方法等。 | |
| 606 | 0 | @a人工关节@x关节疾病@x外科手术@x康复@x基本知识 |
| 690 | @aR687.409@v5 | |
| 701 | 0 | @a翁习生@4主编@9weng xi sheng |
| 801 | 2 | @aCN@bA441900DGL@c20190317 |
| 905 | @aBZT@dR687@e6@f4@sR687/6 | |
| 人工关节快优康复画册/翁习生主编.-北京:中国协和医科大学出版社,2018 |
| 148页;21cm |
| ISBN 978-7-5679-1118-5:CNY65.00 |
| 本书以漫画的形式介绍了髋膝关节疾病知识、手术原理、手术注意事项、住院流程和康复训练方法等。 |
| ● |
| 相关链接 |
|
|
|
正题名:人工关节快优康复画册
索取号:R687/6
 
预约/预借
| 序号 | 登录号 | 条形码 | 馆藏地/架位号 | 状态 | 备注 |
| 1 | 2000002006 | 2000002006 | 旧书回溯/ [索取号:R687/6] | 在馆 | |
| 2 | 2000002007 | 2000002007 | 旧书回溯/ [索取号:R687/6] | 在馆 | |
| 3 | 2000002008 | 2000002008 | 旧书回溯/ [索取号:R687/6] | 在馆 | |
| 4 | 2000002009 | 2000002009 | 旧书回溯/ [索取号:R687/6] | 在馆 |